000 00929nam a2200193 i 4500
001 154221
003 ES-MaACL
005 20250902063107.0
008 931025s1878 sp |||| | spa d
100 1 _aGarcía Barzanallana, José,
_d1819-1903
_954239
245 1 3 _aLa liga aduanera ibérica :
_bmemoria premiada por la Real Academia de Ciencias Morales y Políticas en el concurso ordinario de 1861 /
_cescrita por José Garcia Barzanallana.
250 _a2ª ed.
_bhecho por la Academia con autorización del autor y anotada por el mismo.
260 _aMadrid :
_bImp. y Librería de Eduardo Martínez,
_c1878.
300 _a204 p. ;
_c27 cm.
650 7 _aAduanas-
_zEspaña
_2
_9141614
710 2 _aReal Academia de Ciencias Morales y Políticas (España)
_9222050
852 4 _aES-MaACL
_jF-M-III-O (III)
_z- Enc. pasta española, falto de cub. original
_z- Enc. en un vol. facticio
999 _c154221
_d154221